Los grandes mercados del mundo /
Guardado en:
| Autor Principal: | |
|---|---|
| Formato: | Libro |
| Publicado: |
Buenos Aires :
Eudeba,
1969
|
| Edición: | 3a. ed. |
| Materias: | |
| Etiquetas: |
Agregar Etiqueta
Sin Etiquetas, Sea el primero en etiquetar este registro!
|
| LEADER | 00955nam a22002055a 4500 | ||
|---|---|---|---|
| 001 | CEM.cems002844 | ||
| 005 | 20060221000000.0 | ||
| 008 | 130507s1969##################000#0#####d | ||
| 003 | CEMS | ||
| 082 | 0 | 4 | |a 330 |
| 100 | 1 | |a George, Pierre | |
| 245 | 1 | 0 | |a Los grandes mercados del mundo / |c Pierre George |
| 250 | |a 3a. ed. | ||
| 260 | |a Buenos Aires : |b Eudeba, |c 1969 | ||
| 300 | |a 147 p. | ||
| 505 | 0 | |a Necesidades y valor; Factores de la produccion: Naturaleza, trabajo y capital; Division del trabajo; Etapas de la evolucion industrial; Los carteles y los trusts; La circulacion; Formacion de los precios; Politica comercial; Reparto de la riqueza: Modos; Propiedad de la tierra; Regimen del salario; Reivindicaciones obreras; Empresas; Leyes de Malthus | |
| 653 | |a Comercio internacional | ||
| 653 | |a Economia internacional | ||
| 859 | |a CEMS |b BIB. CEMS - 11 de abril |h 330 |i G293a3 |p 2905.74 |t Ej.1 | ||
| 859 | |a CEMS |b BIB. CEMS - 11 de abril |h 330 |i G293a3 |p 2931.74 |t Ej.2 | ||
